Newer anticancer drugs and procedures : (Record no. 43734)
[ view plain ]
| 000 -LEADER | |
|---|---|
| fixed length control field | 01151cam4a220025300 4500 |
| 001 - CONTROL NUMBER | |
| control field | qce02604799 |
| 005 - DATE AND TIME OF LATEST TRANSACTION | |
| control field | 20190813174638.0 |
| 008 - FIXED-LENGTH DATA ELEMENTS--GENERAL INFORMATION | |
| fixed length control field | 720830s1971 it a 100 0 eng d |
| 035 ## - SYSTEM CONTROL NUMBER | |
| System control number | (Sirsi) r67588 |
| 035 ## - SYSTEM CONTROL NUMBER | |
| System control number | (QCAT)lss04928107 |
| 035 ## - SYSTEM CONTROL NUMBER | |
| System control number | (UPRA)qce02604799 |
| 040 ## - CATALOGING SOURCE | |
| Modifying agency | UPRA |
| 060 0# - NATIONAL LIBRARY OF MEDICINE CALL NUMBER | |
| Classification number | QZ 267 |
| Item number | C644n 1971 |
| 111 2# - MAIN ENTRY--MEETING NAME | |
| Meeting name or jurisdiction name as entry element | Clinical Oncology Seminar (1971 : Padua) |
| Date of meeting or treaty signing | Clinical Oncology Seminar (1971 : Padua) |
| Location of meeting | Clinical Oncology Seminar (1971 : Padua) |
| Linkage | A28350.1 |
| 245 10 - TITLE STATEMENT | |
| Title | Newer anticancer drugs and procedures : |
| Remainder of title | proceedings. M. Fiorentino, editor. |
| 260 ## - PUBLICATION, DISTRIBUTION, ETC. | |
| Place of publication, distribution, etc. | Padova : |
| Name of publisher, distributor, etc. | Piccin, |
| Date of publication, distribution, etc. | [c1971] |
| 500 ## - GENERAL NOTE | |
| General note | Summaries in Italian. |
| 504 ## - BIBLIOGRAPHY, ETC. NOTE | |
| Bibliography, etc. note | Includes bibliographies. |
| 650 #2 - SUBJECT ADDED ENTRY--TOPICAL TERM | |
| Topical term or geographic name entry element | Neoplasms -- drug therapy -- congresses. |
| General subdivision | Neoplasms -- drug therapy -- congresses. |
| -- | Neoplasms -- drug therapy -- congresses. |
| Linkage | S20471.1 |
| 650 #2 - SUBJECT ADDED ENTRY--TOPICAL TERM | |
| Topical term or geographic name entry element | Antineoplastic Agents -- therapeutic use -- congresses. |
| General subdivision | Antineoplastic Agents -- therapeutic use -- congresses. |
| -- | Antineoplastic Agents -- therapeutic use -- congresses. |
| Linkage | S20472.1 |
| 700 1# - ADDED ENTRY--PERSONAL NAME | |
| Personal name | Fiorentino, Mario. |
| Linkage | A28351.1 |
| 949 ## - LOCAL PROCESSING INFORMATION (OCLC) | |
| a | RC271 |
| w | LC |
| i | -90560 |
| m | MEDICAL |
| t | BOOK |
| l | ON-SHELF |
| Withdrawn status | Lost status | Source of classification or shelving scheme | Damaged status | Not for loan | Home library | Current library | Shelving location | Total Checkouts | Full call number | Barcode | Date last seen | Copy number | Price effective from | Koha item type |
|---|---|---|---|---|---|---|---|---|---|---|---|---|---|---|
| Library of Congress Classification | Medical Library | Medical Library | On Shelf | RC271 | -90560 | 08/13/2019 | 1 | 08/13/2019 | Book |